<?xml version="1.0" encoding="UTF-8"?><?xml-stylesheet type="text/xsl" href="static/style.xsl"?><OAI-PMH xmlns="http://www.openarchives.org/OAI/2.0/" xmlns:xsi="http://www.w3.org/2001/XMLSchema-instance" xsi:schemaLocation="http://www.openarchives.org/OAI/2.0/ http://www.openarchives.org/OAI/2.0/OAI-PMH.xsd"><responseDate>2026-06-29T02:33:51Z</responseDate><request verb="GetRecord" identifier="oai:docta.ucm.es:20.500.14352/131514" metadataPrefix="marc">https://docta.ucm.es/rest/oai/request</request><GetRecord><record><header><identifier>oai:docta.ucm.es:20.500.14352/131514</identifier><datestamp>2026-02-05T00:49:58Z</datestamp><setSpec>com_20.500.14352_14</setSpec><setSpec>col_20.500.14352_15</setSpec></header><metadata><record xmlns="http://www.loc.gov/MARC21/slim" xmlns:dcterms="http://purl.org/dc/terms/" xmlns:xsi="http://www.w3.org/2001/XMLSchema-instance" xmlns:doc="http://www.lyncode.com/xoai" xsi:schemaLocation="http://www.loc.gov/MARC21/slim http://www.loc.gov/standards/marcxml/schema/MARC21slim.xsd">
   <leader>00925njm 22002777a 4500</leader>
   <datafield ind2=" " ind1=" " tag="042">
      <subfield code="a">dc</subfield>
   </datafield>
   <datafield ind2=" " ind1=" " tag="720">
      <subfield code="a">Moya Sánchez, Thairi Nazareth</subfield>
      <subfield code="e">author</subfield>
   </datafield>
   <datafield ind2=" " ind1=" " tag="260">
      <subfield code="c">2022-09-13</subfield>
   </datafield>
   <datafield ind2=" " ind1=" " tag="520">
      <subfield code="a">El Estatuto de la Corte Penal Internacional acaba de cumplir 20 años de vigencia. Durante este tiempo, el trabajo de la Corte ha estado lleno de altibajos. La intención de este ensayo es repasar brevemente los aportes y evaluar la jurisprudencia de esta Corte.</subfield>
   </datafield>
   <datafield ind2=" " ind1=" " tag="520">
      <subfield code="a">The International Criminal Court has just completed 20 years of operation. During this time, the Court’s work has been full of ups and downs. The intention of this essay is to review the contributions and evaluate the jurisprudence promulgated by this Court.</subfield>
   </datafield>
   <datafield ind1="8" ind2=" " tag="024">
      <subfield code="a">Moya Sánchez, Thairi. “Los 20 años de vigencia del Estatuto de Roma de la Corte Penal Internacional: jurisprudencia emblemática ¿avances? o ¿retrocesos?”. Boletín de la Academia de Ciencias Políticas y Sociales, no. 169 (julio–septiembre 2022): 371–400.</subfield>
   </datafield>
   <datafield ind1="8" ind2=" " tag="024">
      <subfield code="a">0798-1457</subfield>
   </datafield>
   <datafield ind1="8" ind2=" " tag="024">
      <subfield code="a">https://hdl.handle.net/20.500.14352/131514</subfield>
   </datafield>
   <datafield ind1="8" ind2=" " tag="024">
      <subfield code="a">https://www.acienpol.org.ve/libros/boletin-de-la-academia-de-ciencias-politicas-y-sociales-n-169-julio-septiembre-2022-homenaje-a-henrique-iribarren-monteverde/</subfield>
   </datafield>
   <datafield ind1="8" ind2=" " tag="024">
      <subfield code="a">https://produccioncientifica.ucm.es/documentos/664f2edc7997182526e1a14e</subfield>
   </datafield>
   <datafield ind2="0" ind1="0" tag="245">
      <subfield code="a">Los 20 años de vigencia del Estatuto de Roma de la Corte Penal Internacional: jurisprudencia emblemática ¿avances? o ¿retrocesos?</subfield>
   </datafield>
</record></metadata></record></GetRecord></OAI-PMH>